000 00788nas a2200265 4500
001 BR0102552
003 BR-BrBNA
005 20231205102250.0
007 ta
008 230509b bl.|||p| |||| 00| 00por d
040 _aBR-BrBNA
_bpor
_cBiblioteca Nacional de Agricultura
041 _a(Pt)
072 _aL01
100 1 _aHamann, J.
100 1 _aHeeschen, W.
100 1 _aCheuiche, A.J. de V.
245 1 _aInfluencia dos corticosteroides na producao e composicao do leite bovino
650 _aBovino
650 _aCorticoide
650 _aProducao Leiteira
650 _aComposicao de Alimento
773 0 _tHora Veterinaria (Brazil)
_xISSN 0101-9163
_g(Sep-Oct 2000), v. 20(117) p. 17-20
_wBR0102552
909 _a202311
_bLúcia
_c55
_dLúcia Elande
942 _2AGRIS
_n0
_cANA
999 _c166656
_d166656